Europäische Hauptstadt Superlative - Top 2 - Statistiken

Allgemein
  • Dieses Quiz wurde 483 mal gespielt
    453 seit der letzten Aktualisierung
  • Das Durchschnittsergebnis liegt bei 15 aus 20
Antwortstatistiken
Kategorie Hauptstädte % Korrekt
Am nördlichsten Reykjavík | Helsinki
97%
Am östlichsten Moskau | Kiew
96%
Meiste internationale Touristen (2019) London | Paris
95%
Am westlichsten Reykjavík | Lissabon
95%
Am südlichsten Valletta | Athen
94%
Bevölkerungsreichstes Stadtgebiet Moskau | London
93%
Kleinste Bevölkerungsanzahl Vatikanstadt | San Marino
83%
Meiste Milliardäre Moskau | London
82%
Höchste Bevölkerung in 1 n. Chr. Rom | Athen
82%
Geringster Niederschlag Athen | Madrid
81%
Höchste türkischsprachige Bevölkerung Berlin | Paris
78%
Alphabetisch als Letztes Zagreb | Wien
78%
Alphabetisch als Erstes Amsterdam | Andorra la Vella
75%
Höhe des höchsten Gebäudes Moskau | London
72%
Am nächsten zum Schwarzen Meer Chișinău | Bukarest
67%
Niedrigste Erhebung Amsterdam | Monaco
65%
Gastgeber der Olympischen Winterspiele Sarajevo | Oslo
61%
Höchste Erhebung Andorra la Vella | Madrid
45%
Höchster Anteil an Muslimen Priština | Sarajevo
42%
Höchste Luftverschmutzung Sarajevo | Zagreb
21%
Keine übereinstimmenden Quizze gefunden
Verteilung der Resultate
Anzahl Personen mit jedem Resultat
Perzentil nach korrekt beantworteten Fragen
Ihre Resultats-Entwicklung
Sie haben dieses Quiz seit der letzten Aktualisierung nicht gespielt